Statistics for Republican Party US Presidents

Click here to take the quiz!

General Stats

  • This quiz has been taken 70 times
  • The average score is 16 of 19

Answer Stats

HintAnswer% Correct
2017 - 2021Donald Trump
100%
1989 - 1993George H W Bush
100%
2001 - 2009George W Bush
100%
1861 - 1865Abraham Lincoln
98%
1981 - 1989Ronald Reagan
98%
1969 - 1974Richard Nixon
94%
1974 - 1977Gerald Ford
90%
1923 - 1929Calvin Coolidge
88%
1953 - 1961Dwight D Eisenhower
88%
1901 - 1909Theodore Roosevelt
88%
1929 - 1933Herbert Hoover
84%
1909 - 1913William Howard Taft
80%
1921 - 1923Warren G Harding
76%
1869 -1877Ulysses S Grant
75%
1889 -1893Benjamin Harrison
69%
1881James A Garfield
69%
1897 - 1901William McKinley
67%
1877 - 1881Rutherford B Hayes
63%
1881 - 1885Chester A Arthur
59%

Score Distribution

Percentile by Number Answered

Percent of People with Each Score

Your Score History

You have not taken this quiz